Foundations of biblical faith. (Record no. 3380)

000 -LEADER
fixed length control field 00556nam a2200193 a 4500
001 - CONTROL NUMBER
control field :::00001110$&:&@@
003 - CONTROL NUMBER IDENTIFIER
control field OkBaRHE
005 - DATE AND TIME OF LATEST TRANSACTION
control field 20000607103241.0
008 - FIXED-LENGTH DATA ELEMENTS--GENERAL INFORMATION
fixed length control field s1979 j 000 0 eng u
020 ## - INTERNATIONAL STANDARD BOOK NUMBER
International Standard Book Number 0805419519
040 ## - CATALOGING SOURCE
Transcribing agency
100 1# - MAIN ENTRY--PERSONAL NAME
Personal name Draper, James T.
245 10 - TITLE STATEMENT
Title Foundations of biblical faith.
260 ## - PUBLICATION, DISTRIBUTION, ETC. (IMPRINT)
Place of publication, distribution, etc Nashville, TN., :
Name of publisher, distributor, etc Broadman Press
Date of publication, distribution, etc c1979
300 ## - PHYSICAL DESCRIPTION
Extent 191 p. ;
Dimensions 21 cm.
650 ## - SUBJECT ADDED ENTRY--TOPICAL TERM
Topical term or geographic name as entry element Bible
General subdivision Theology
942 ## - ADDED ENTRY ELEMENTS (KOHA)
Source of classification or shelving scheme
Koha item type Books
Copies
Damaged status Date acquired Koha item type Date last seen Withdrawn status Shelving location Lost status Barcode Price effective from Copy number Source of classification or shelving scheme Permanent Location Full call number Not for loan
 2010-04-14Books2018-02-16 General Stacks 11102010-04-141 RHEMA Bible Training CollegeBS 543 .D7